Digital hardware design

Bibliographic Details
Main Author: Akhter, Shamim
Format: Book
Published: New Delhi : University Science Press , 2008
Subjects:

MARC

LEADER 00000cam a2200000 7i4500
001 0000040362
005 20140319.0
008 140319
020 |a 8131804353 
090 0 0 |a 621.3815   |b AKH 
100 1 |a Akhter, Shamim 
245 1 0 |a Digital hardware design   |c Shamim Akhter 
260 |a New Delhi :   |b University Science Press ,   |c 2008 
650 0 |a Digital electronic equipment design 
650 0 |a Digital electronics 
999 |a 0001280049   |b Book   |c Adult Collection   |e Perbadanan Perpustakaan Awam Johor